000 00977cam a22002533a 4500
001 4365
003 PGUSA
005 20140828083053.0
008 030801s2003||||xxu|||||s|||||000 | eng d
040 _aPGUSA
_beng
042 _adc
050 4 _aKF
100 1 _aLibrary of Congress. Copyright Office
245 1 0 _aSupplementary Copyright Statutes, US Copy. Office
_h[electronic resource] /
_cLibrary of Congress. Copyright Office
260 _bProject Gutenberg,
_c2003
505 0 _aCircular 3: Copyright Notice -- Circular 15: Renewal of Copyright -- Circular 15t: Extension of Copyright Terms -- Circular 22: Highlights of Copyright Amendments Contained in the Uruguay Round Agreements Act (URAA) -- WIPO Copyright Treaty.
506 _aPublic domain in the USA.
516 _aElectronic text
653 _aCopyright
653 _aCopyright -- United States
830 0 _aProject Gutenberg
_v4365
856 4 0 _uhttp://www.gutenberg.org/ebooks/4365
942 _cEB
999 _c233694
_d233694